Magura Spiska, Pieniny mapa turystyczna

Bibliographic Details
Format: Map
Language:Polish
PhysicalDescription:1 mapa fareb. 67 x 97 cm, zložené na 23 x 13 cm
Published: Banská Bystrica BB-MAPY c2008
ISBN:9788089349050 (brož.)
Edition:[1. ed.]
Subjects:

MARC

LEADER 00000nem a2200000 a 4500
001 vtls009313474
003 SK-MaSNL
005 20260301024128.0
007 aj cazzn
008 080721s2008 xo ag a 0 pol
015 |a SNBC2010/01-00776 
020 |a 9788089349050 (brož.) 
034 1 |a a  |b 50000 
040 |a SNK  |b slo  |c SNK  |e AACR2 
041 0 |a pol 
043 |a e-xo---  |a e-pl--- 
044 |a xo  |c SK 
072 7 |a 913(4)  |x Geografia Európy, reálie, cestovanie  |2 konspekt 
080 |a 796.51  |2 2001 
080 |a 913(437.6)  |2 2001 
080 |a 913(438)  |2 2001 
080 |a (234.372.3)  |2 2001 
080 |a (234.372.4)  |2 2001 
080 |a 912.43:796.5  |2 2001 
080 |a (084.3)  |2 2001 
245 0 0 |a Magura Spiska, Pieniny  |h kartografický dokument  |b mapa turystyczna 
246 3 0 |a Pieniny 
250 |a [1. ed.] 
255 |a Mierka 1:50 000 
260 |a Banská Bystrica  |b BB-MAPY  |c c2008 
300 |a 1 mapa  |b fareb.  |c 67 x 97 cm, zložené na 23 x 13 cm 
500 |a Na rube stručný vlastivedný text 
500 |a Doplnková mapa 1:500 000 
650 0 7 |a pešia turistika  |2 SNKPH  |9 1059 
651 7 |a Spišská Magura (Slovensko : pohorie)  |2 SNKPH  |9 30379 
651 7 |a Pieniny (Poľsko a Slovensko : pohorie)  |2 SNKPH  |9 17492 
655 7 |a turistické mapy  |2 SNKPH  |9 70551 
655 7 |a skladané mapy  |2 SNKPH  |9 304180 
655 7 |a mapy pre verejnosť  |2 SNKPH  |9 304181 
919 |a 978-80-89349-05-0 
999 |c 570539  |d 572469 
952 |a SNK  |b SNK  |y VYP  |7 0  |p 17A0594869  |o snkSLCm 2706 D1  |i snk2008/16211  |8 0  |0 0  |1 0  |4 0  |d 2008-09-03  |l 0  |r 2026-02-23 14:13:39  |w 2026-02-23 
952 |a SNK  |b SNK  |y PREZ  |7 0  |p 17A0595179  |o snkSLCm 2706  |i snk2008/14379  |8 0  |0 0  |1 0  |4 0  |d 2008-07-21  |l 0  |r 2026-02-23 14:13:39  |w 2026-02-23